000 00373 a2200169 4500
001 187951
020 _a978-85-329-0712-7
040 _cMagnum
100 _aSilva, Fernando Correia da
240 1 0 _aO sindicato dos burros
_lpor
245 1 0 _aO sindicato dos burros
300 _a32
362 0 _a2008
440 1 _aLĂȘ
697 _aLITERATURA INFANTO
942 _cBK
999 _c187951
_d187951